"Suo marito partì con lei". (Record n. 360104)

Dettagli MARC
000 -LEADER
campo di controllo lung. fissa 00590nam a22002177a 4500
003 - Identificatore del numero di controllo
campo di controllo IT-MiCISF
005 - Data e orario dell'ultima transazione
campo di controllo 20240530150357.0
008 - Elementi di lunghezza fissa--Informazione generale
campo di controllo lung. fissa 240530b |||||||| |||| 00| 0 eng d
040 ## - Fonte della catalogazione
Agenzia che fa la trascrizione IT-MiCISF
041 ## - Codice di lingua
Codice di lingua del testo/traccia sonora o titolo separato it
100 ## - Accesso principale -- nome di persona
Nome di persona Reginato Angelo
9 (RLIN) 60756
245 ## - Formulazione del titolo
Titolo "Suo marito partì con lei".
Complemento del titolo Il lungo esodo dalla terra del patriarcato
250 ## - Formulazione di edizione
Formulazione di edizione "Aggiornamenti sociali", n. 4, aprile
260 ## - Pubblicazione, distribuzione, ecc. (stampa)
Data di pubblicazione, distribuzione, ecc. 2024
300 ## - Descrizione fisica
Estensione pp. 273-278
310 ## - Periodicità corrente della pubblicazione
Periodicità corrente della pubblicazione mensile
500 ## - Nota generale
Nota generale bibbia, identità-maschile, uomo
650 ## - Accesso aggiunto di soggetto--termine topico
Termine topico o nome geografico come accesso chiesa
9 (RLIN) 59967
654 ## - Accesso aggiunto di soggetto--termini topici faccettati
Termine principale articolo
942 ## - Dati aggiuntivi (Koha)
Fonte della classificazione o dello schema di collocazione (segnatura) Dewey Decimal Classification
Tipo copia default (Koha) RIVISTA
Dati di copia
Ritirato (status) Perso (status) Fonte della classificazione o dello schema di collocazione (segnatura) Danneggiato (status) Non per il presito Biblioteca proprietaria Biblioteca in cui si trova Data d'acquisizione Totale prestiti Collocazione Data ultima operazione Prezzo in vigore dal Tipo copia default (Koha)
    Dewey Decimal Classification Buone Condizioni Not For Loan CISF - Milano CISF - Milano 30/05/2024   A08/R092 30/05/2024 30/05/2024 RIVISTA
CREDITS: SOCIETA' SAN PAOLO Via A.Severo, 58 - ROMA (RM) & PERIODICI SAN PAOLO SRL Via Giotto, 36 MILANO & CISF Via Giotto, 36 MILANO & EDIZIONI SAN PAOLO SRL,  Piazza Soncino, 5 CINISELLO BALSAMO (MI) -- ITALY